The Ultimate Car Parts Quiz - Statistics

General Stats
  • This quiz has been taken 675 times
  • The average score is 18 of 42
Answer Stats
Clue Answer % Correct
Ignites Fuel Spark plug
89%
Charges Battery Alternator
84%
Cools Engine Radiator
78%
Where You Insert Key To Start Engine Ignition
68%
Starts Engine Starter
66%
4th Stroke of 4-Stroke Engine Exhaust
63%
Quiets Engine Noise Muffler
60%
Transfers power from engine to wheels Transmission
59%
1st Stroke of 4-Stroke Engine Intake
56%
Cylinder Top Head
55%
Type Of Engine Without Spark Plugs Diesel
52%
Used to Check Fluid Levels Dip stick
50%
Connects Engine To Manual Transmission Clutch
48%
2nd Stroke of 4-Stroke Engine Compression
48%
These let fuel in and exhaust out. Valves
48%
Holds Wheels On Lug nuts
45%
Controls Emissions Catalytic Converter
43%
Decorative Wheel Covers Hub Caps
42%
3rd Stroke of 4-Stroke Engine Combustion
41%
Circulates Coolent Water Pump
41%
Holds Disk Brake Pads Caliper
40%
Mixes Air and Fuel (New) Fuel Injector
40%
Covers Valves Valve cover
40%
Amplifies Power to Distributer Coil
39%
Hydraulic Piston Accompanied By Leaf Spring on Suspension Shock
38%
Provides Power to Coil Battery
37%
Coolent Valve That Controls Engine Temperature Thermostat
34%
Belt That Drives Accessories Serpentine
33%
Barrier Between Engine and Passengers Fire wall
32%
Controls Spark Plugs Distributor
31%
Pressurizes Brake Fluid Master Cylinder
28%
Helps Start Carborated Engines on Cold Days Choke
27%
Splits Power on 4 Wheel Drive Vehicles Transfer Case
27%
Mixes Air and Fuel (Old) Carborator
25%
Controls Air To Engine In Modern Cars Throttle Body
25%
Connects Steering at Wheels Tie Rod
25%
Moving Part Between Ball Joint And Main Frame Control Arm
22%
Connects Front Wheel To Control Arm Ball Joint
21%
Hydraulic Piston Surrounded by Coil Spring on Suspension Strut
21%
Boosts Power to Master Cylinder Brake Booster
19%
Joints on Driveshaft Ends U joints
18%
Diverts Hot Coolant To Heat Passenger Compartment Heater Core
16%
No matching quizzes found
Score Distribution
Percent of People with Each Score
Percentile by Number Answered
Your Score History
You have not taken this quiz